000
00268nam a22001097a 4500
082
_a
001/NAT
100
_a
Dr (CDS) N K, Natarajan
_9
82955
245
_a
SSB Interview the complete guide
260
_a
Mumbai
_b
Jaico Publishing House
_c
2024
650
_a
G.S
942
_c
BK
999
_c
67705
_d
67705